| 000 | 01537cam a22002894a 4500 | ||
|---|---|---|---|
| 020 | _a0821369776 | ||
| 020 | _a9780821369784 | ||
| 040 | _cDLC | ||
| 082 | _a336 WOR 2007 A078 Or. | ||
| 110 | 2 | _aWorld Bank. | |
| 245 | 1 | 0 |
_aGlobal Development Finance 2007 (Vol I. Analysis and Outlook) _bThe Globalization of Corporate Finance in Developing Countries. |
| 260 |
_aWashington, D.C. : _bThe World Bank, _c2007. |
||
| 300 | _a1 online resource (160 p.) | ||
| 490 | 1 | _aGlobal Development Finance | |
| 520 | 3 | _aGlobal Development Finance (GDF), is the World Bank's annual review of recent trends in and prospects for financial flows to developing countries. It is an indispensable resource for governments, economists, investors, financial consultants, academics, bankers, and the entire development community. Vol I: Analysis and Outlook reviews recent trends in financial flows to developing countries. Also available as a two volume set, Vol II. Summary and Country Tables* includes comprehensive data for 138 countries, as well as summary data for regions and income groups. | |
| 650 | 4 | _aCurrencies and Exchange Rates. | |
| 650 | 4 | _aDebt Markets. | |
| 650 | 4 | _aEconomic Theory and Research. | |
| 650 | 4 | _aEmerging Markets. | |
| 650 | 4 | _aFinance and Financial Sector Development. | |
| 650 | 4 | _aFinancial Literacy. | |
| 650 | 4 | _aMacroeconomics and Economic Growth. | |
| 650 | 4 | _aPrivate Sector Development. | |
| 710 | 2 | _aWorld Bank. | |
| 856 | 4 | 0 | _uhttp://elibrary.worldbank.org/content/book/9780821369777 |
| 942 | _cEK | ||
| 999 |
_c15568 _d15568 |
||